[Event "Recife Pernambucano op"]
[Site "Recife"]
[Date "2024.12.06"]
[Round "2"]
[White "Nascimento, Rayanne Livia"]
[Black "Borba, Eber Pereira"]
[Result "0-1"]
[WhiteElo "1651"]
[BlackElo "1780"]
[PlyCount "62"]
[EventDate "2024.12.06"]
[EventType "swiss"]
[EventRounds "6"]
[EventCountry "BRA"]
[SourceTitle "CB50_2024"]
[SourceDate "2024.11.01"]
[SourceVersion "1"]
[SourceVersionDate "2024.11.01"]
[SourceQuality "2"]

1. e4 e5 2. Nf3 Nc6 3. Bc4 h6 4. d3 Nf6 5. Nc3 d6 6. h3 Be7 7. Be3 0-0 8. a3 b6 9. 0-0 Bb7 10. Nh4 Kh8 11. Nf5 Ng8 12. Nd5 Bf6 13. g4 Nce7 14. g5 Nxf5 15. gxf6 Nxe3 16. fxe3 g6 17. Qf3 Bxd5 18. Bxd5 Rc8 19. Rf2 c6 20. Ba2 Kh7 21. Raf1 Qd7 22. h4 h5 23. Rg2 Nh6 24. Kh1 Rcd8 25. Rfg1 Rg8 26. c3 d5 27. Bb3 b5 28. Rg5 Qd6 29. Bd1 Qe6 30. d4 dxe4 31. Qxe4 Qh3# 0-1